| Tag |
First Indicator |
Second Indicator |
Subfields |
| LEADER |
00000cam a2200000 i 4500 |
| 001 |
in00001784921 |
| 005 |
20151025114817.0 |
| 008 |
031030s1975 dcu s f000 0 eng |
| 010 |
|
|
|a 75602813
|
| 019 |
|
|
|a 1727938
|
| 035 |
|
|
|a (OCoLC)ocm03035336
|
| 035 |
|
|
|a (OCoLC)3035336
|z (OCoLC)1727938
|
| 040 |
|
|
|a DLC
|c DLC
|d AGL
|d OCL
|d NLGGC
|d MTG
|d BTCTA
|d TXA
|d UtOrBLW
|
| 043 |
|
|
|a n-us---
|
| 049 |
|
|
|a TXAM
|
| 050 |
0 |
0 |
|a HD1751
|b .A91854 no. 294
|
| 070 |
0 |
|
|a A281.9
|b Ag8A No.294
|
| 082 |
0 |
0 |
|a 338.1/08 s
|a 338.1/7/730973
|
| 084 |
|
|
|a 83.67
|2 bcl
|
| 086 |
0 |
|
|a A1.107:294
|
| 100 |
1 |
|
|a Lough, Harold W.
|
| 245 |
1 |
4 |
|a The cheese industry /
|c [by Harold W. Lough].
|
| 264 |
|
1 |
|a Washington :
|b U.S. Dept. of Agriculture, Economic Research Service,
|c 1975.
|
| 300 |
|
|
|a ii, 71 pages :
|b graphs ;
|c 26 cm.
|
| 336 |
|
|
|a text
|b txt
|2 rdacontent
|
| 337 |
|
|
|a unmediated
|b n
|2 rdamedia
|
| 338 |
|
|
|a volume
|b nc
|2 rdacarrier
|
| 490 |
1 |
|
|a Agricultural economic report ;
|v no. 294
|
| 500 |
|
|
|a Cover title.
|
| 650 |
|
0 |
|a Cheese industry
|z United States.
|
| 650 |
|
0 |
|a Cheese industry
|z United States
|v Statistics.
|
| 830 |
|
0 |
|a Agricultural economic report ;
|v no. 294.
|
| 945 |
|
|
|a cataloged
|k rvaughan
|c 2003/10/30
|
| 994 |
|
|
|a C0
|b TXA
|
| 948 |
|
|
|a cataloged
|b h
|c 2010/07/07
|e rzeske
|f 09:50:19 am
|
| 999 |
|
|
|a MARS
|
| 999 |
f |
f |
|s 59793c19-d01f-312c-8501-d19da2078edb
|i d182809f-5fbd-3a92-8190-8da93fe8c53c
|t 0
|
| 952 |
f |
f |
|p normal
|a Texas A&M University
|b College Station
|c Sterling C. Evans Library
|d Evans: US Documents (Annex 5th floor)
|t 0
|e A 1.107:294
|h Superintendent of Documents classification
|i unmediated -- volume
|m A14829518695
|
| 998 |
f |
f |
|a A 1.107:294
|t 0
|l Evans: US Documents (Annex 5th floor)
|